| 000 | 00997nam a2200205Ia 4500 | ||
|---|---|---|---|
| 999 |
_c39609 _d39609 |
||
| 001 | 6209 | ||
| 003 | GE_BSU | ||
| 005 | 20190702164815.0 | ||
| 008 | 181216s1971|||| |||||||||||||| ||g || | ||
| 041 | _ageo | ||
| 080 | _a624.011(075.8) დ-72 | ||
| 100 |
_a.დოლიძე, დ. _9452 |
||
| 245 |
_aხისა და სინთეზური მასალების კონსტრუქციები : ნაწ.2 : სახელმძღვ. / _cდ. დოლიძე ; რედ : ჩ . გურგენიძე. |
||
| 264 |
_aთბილისი : _bგანათლება, _c1971. |
||
| 300 |
_a324 გვ .: _bდანართები, _c22 სმ. |
||
| 504 | _aბიბლიოგრ.:გვ.319-320 | ||
| 653 | _aხისა და სინთეზური მასალების კონსტრუქციები | ||
| 700 |
_aგურგენიძე, ჩ _eრედაქტორი _93156 |
||
| 942 |
_cBK _2udc |
||